00689nam a2200205 a 450000100060000000300080000600500170001400800410003103500190007203500190009104000220011004100080013208200240014011100440016424501380020826000430034630000260038965100400041570000280045549039BD-RjUL20211209054627.0160816s1957 nyu 100 0 eng  a(BD-RjUL)49158 a(OCoLC)1260498 aDLCcFOdDLCbeng aeng a950.06273bAME 19571 aConference on Asian affairs,cNew York.00aAmerican institutions and organizations interested in Asia :ba reference directory /cEdited by Ward Morehouse [executive director] aNew York :bTaplinger Pub. Co.,c1957. axiii, 510 p.;c24 cm. 0aAsiaxSocieties, etc.vDirectories.1 aMorehouse, Ward,d1929-